Emergency cardiology : (Record no. 8039)

MARC details
000 -LEADER
fixed length control field 01792cam a22004457a 4500
001 - CONTROL NUMBER
control field 13472147
003 - CONTROL NUMBER IDENTIFIER
control field OSt
005 - DATE AND TIME OF LATEST TRANSACTION
control field 20220928103722.0
008 - FIXED-LENGTH DATA ELEMENTS--GENERAL INFORMATION
fixed length control field 040128s2003 enka bf 001 0 eng
010 ## - LIBRARY OF CONGRESS CONTROL NUMBER
LC control number 2004296355
015 ## - NATIONAL BIBLIOGRAPHY NUMBER
National bibliography number GBA2-U3842
016 7# - NATIONAL BIBLIOGRAPHIC AGENCY CONTROL NUMBER
Record control number 101170747
Source DNLM
020 ## - INTERNATIONAL STANDARD BOOK NUMBER
International Standard Book Number 0340807199
035 ## - SYSTEM CONTROL NUMBER
System control number (OCoLC)ocm52342173
040 ## - CATALOGING SOURCE
Original cataloging agency NLM
Transcribing agency NLM
Modifying agency OIP
-- DLC
042 ## - AUTHENTICATION CODE
Authentication code lccopycat
050 00 - LIBRARY OF CONGRESS CALL NUMBER
Classification number RC675
Item number .G48 2003
060 00 - NATIONAL LIBRARY OF MEDICINE CALL NUMBER
Classification number 2003 D-441
082 00 - DEWEY DECIMAL CLASSIFICATION NUMBER
Classification number 616.1/2025
Edition number 22
100 1# - MAIN ENTRY--PERSONAL NAME
Personal name Ghuran, Azad.
9 (RLIN) 3766
245 10 - TITLE STATEMENT
Title Emergency cardiology :
Remainder of title an evidence-based guide to acute cardiac problems /
Statement of responsibility, etc. Azad Ghuran, Neal Uren, James Nolan.
260 ## - PUBLICATION, DISTRIBUTION, ETC. (IMPRINT)
Place of publication, distribution, etc. London :
Name of publisher, distributor, etc. Arnold ;
Place of publication, distribution, etc. New York, NY :
Name of publisher, distributor, etc. Oxford University Press [distributor],
Date of publication, distribution, etc. 2003.
300 ## - PHYSICAL DESCRIPTION
Extent ix, 278 p. :
Other physical details ill. ;
Dimensions 20 cm.
504 ## - BIBLIOGRAPHY, ETC. NOTE
Bibliography, etc Includes bibliographical references and index.
650 #0 - SUBJECT ADDED ENTRY--TOPICAL TERM
Topical term or geographic name as entry element Cardiovascular emergencies
Form subdivision Handbooks, manuals, etc.
9 (RLIN) 3767
650 #0 - SUBJECT ADDED ENTRY--TOPICAL TERM
Topical term or geographic name as entry element Evidence-based medicine
Form subdivision Handbooks, manuals, etc.
9 (RLIN) 3768
650 12 - SUBJECT ADDED ENTRY--TOPICAL TERM
Topical term or geographic name as entry element Emergency Treatment
Form subdivision Handbooks.
9 (RLIN) 3769
650 12 - SUBJECT ADDED ENTRY--TOPICAL TERM
Topical term or geographic name as entry element Heart Diseases
General subdivision diagnosis
Form subdivision Handbooks.
9 (RLIN) 3770
650 12 - SUBJECT ADDED ENTRY--TOPICAL TERM
Topical term or geographic name as entry element Heart Diseases
General subdivision therapy
Form subdivision Handbooks.
9 (RLIN) 3771
650 22 - SUBJECT ADDED ENTRY--TOPICAL TERM
Topical term or geographic name as entry element Evidence-Based Medicine
Form subdivision Handbooks.
9 (RLIN) 3772
650 #0 - SUBJECT ADDED ENTRY--TOPICAL TERM
Topical term or geographic name as entry element Cardiovascular emergencies.
9 (RLIN) 3773
650 #0 - SUBJECT ADDED ENTRY--TOPICAL TERM
Topical term or geographic name as entry element Heart
General subdivision Diseases
-- Diagnosis.
9 (RLIN) 3774
700 1# - ADDED ENTRY--PERSONAL NAME
Personal name Uren, Neal.
9 (RLIN) 3775
700 1# - ADDED ENTRY--PERSONAL NAME
Personal name Nolan, J.
Fuller form of name (James)
9 (RLIN) 3776
856 42 - ELECTRONIC LOCATION AND ACCESS
Materials specified Publisher description
Uniform Resource Identifier http://www.loc.gov/catdir/enhancements/fy0620/2004296355-d.html
856 41 - ELECTRONIC LOCATION AND ACCESS
Materials specified Table of contents only
Uniform Resource Identifier http://www.loc.gov/catdir/enhancements/fy0620/2004296355-t.html
906 ## - LOCAL DATA ELEMENT F, LDF (RLIN)
a 7
b cbc
c copycat
d 2
e ncip
f 20
g y-gencatlg
942 ## - ADDED ENTRY ELEMENTS (KOHA)
Source of classification or shelving scheme Other/Generic Classification Scheme
Koha item type Open Shelf
Holdings
Withdrawn status Lost status Source of classification or shelving scheme Damaged status Not for loan Home library Current library Date acquired Source of acquisition Inventory number Total Checkouts Full call number Barcode Date last seen Price effective from Koha item type
    Other/Generic Classification Scheme     MUST Main Library MUST Main Library 28/09/2022 Donation 14/37440   616.1/2025 2022-8009 28/09/2022 28/09/2022 Open Shelf
    Other/Generic Classification Scheme     MUST Main Library MUST Main Library 28/09/2022 Donation 14/37440   616.1/2025 2022-8010 28/09/2022 28/09/2022 Open Shelf
    Other/Generic Classification Scheme     MUST Main Library MUST Main Library 28/09/2022 Donation 14/37440   616.1/2025 2022-8011 28/09/2022 28/09/2022 Open Shelf
    Other/Generic Classification Scheme     MUST Main Library MUST Main Library 28/09/2022 Donation 14/37440   616.1/2025 2022-8012 28/09/2022 28/09/2022 Open Shelf